Docinho de morango joga futebol (Registo nº 6015)

Detalhes MARC
000 -Etiqueta do registo
Valores 00845nam a2200277 4500
010 ## - Número ISBN
ISBN 9789892300139
021 ## - Número do Depósito Legal
Número 276940/08
100 ## - Dados gerais de processamento
Dados gerais 20250925d2008 c y0pory5003 ba
200 1# - Titulo e menção de responsabilidade
Título próprio Docinho de morango joga futebol
Primeira menção de responsabilidade Ruth Koeppel
Outras menções de responsabilidade il. Ken Edwards ; trad. e adapt. Sara Costa
205 ## - Menção da edição
Edição 2ª ed.
210 #9 - Publicação
Local de publicação Porto
Nome do editor ASA
Data de publicação 2008
215 ## - Descrição física 
Paginação / Volumes [30] p.
Outras indicações físicas muito il.
225 2# - Colecção 
Título próprio da colecção Docinho de morango.
Nome de parte ou secção Livros de histórias
Indicação de volume 4
304 ## - Nota relativa ao título
Texto de nota Tít. orig.: Strawberry shortcake plays soccer
606 ## - Nome comum usado como assunto
ID Autoridade 14
Palavra de ordem Literatura infantil
606 ## - Nome comum usado como assunto
ID Autoridade 13
Palavra de ordem Literatura Estrangeira
675 ## - CDU
Notação 82-93
Edição BN
Língua por
675 ## - CDU
Notação 821.1/.8
Edição BN
Língua por
700 ## - Autor principal (pessoa individual)
Apelido Koeppel
Nome Ruth
ID Autoridade 5702
702 ## - Autor secundário (pessoa individual)
Apelido Edwards
Nome Ken
ID Autoridade 5703
702 ## - Autor secundário (pessoa individual)
Apelido Costa
Nome Sara
ID Autoridade 3288
801 #0 - Fonte de origem
País PT
Agência BEN2VN
Regras de catalogação RPC
830 ## - Notas gerais do catalogador
Criado por Tânia Croca
Data de criação 25/09/2025
990 ## - Elementos KOHA
Tipo de documento Livro
Exemplares
Situação do levantamento Biblioteca de origem Código de barras Cota Permissão de empréstimo Tipo de documento Forma de aquisição
  Biblioteca Escola Nº2 Vendas Novas 100000006901 LI EST/KOE   Livro  
  Biblioteca Municipal de Vendas Novas 100000008111 LI EST/KOE   Livro  

Powered by Koha